Statistiques concernant Citations - Le Labyrinthe

Cliquez ici pour prendre le quiz!

Statistiques générales

  • Ce quiz a été pris 603 fois
  • Le résultat moyen est 12 sur 18

Statistiques - réponses

CitationsPersonnages qui l'a dit% Correct
C'est un test, Newt, toute cette histoire est un test.Thomas
95%
Je t’en prie, Tommy.Newt
94%
Tu crois que j'ai des parents ? De vrais parents ?Chuck
91%
Excellent Thomas, tu viens de signer ton arrêt de mort.Minho
89%
Le WICKED est bon.Ava Paige
84%
Chez nous, c'est ici au Bloc.Gally
82%
Si on reste les bras croisés, Alby sera mort pour rien...Newt
77%
J'ai vraiment cru que tu avais le potentiel pour devenir un coureur. Mais c'était avant que tu te vautres. Super ta gamelle.Newt
77%
Je ne sais pas s'il est courageux ou complètement abruti.Minho
75%
Les choses vont changer...Teresa
72%
Tu n'es pas comme les autres, tu es curieux.Alby
67%
Thomas, tu peux choisir de sauver tes amis ou de tous nous sauver.Ava Paige
65%
Attendez, on parle de celle qui nous a lâché ? Cette pétasse ?Brenda
62%
Combien de gamins vont-ils encore enlevés, torturés, tués... quand s'arrête le cauchemar ?Thomas
59%
C'est vrai... Personne n'est parfait mec !Gally
44%
Thomas ! Sortir du Labyrinthe est une chose mais survivre sur la terre brûlée en est une autre.Janson
41%
Ils l'ont tuée. Ma meilleure amie, ils l'ont tuée.Aris
39%
Vous pensez que toutes les filles ont son caractère ?Siggy
3%

Distribution des résultats

Percentile par nombre de réponses

% des personnes avec chaque résultat

Votre développement - résultats

Vous n’avez pas pris ce quiz